[Event "POL-ch Academic"]
[Site "Chorzow"]
[Date "2021.05.14"]
[Round "2.21"]
[White "Ulanowski, Karol"]
[Black "Lendzion, Kamil"]
[Result "1-0"]
[WhiteElo "2151"]
[BlackElo "1848"]
[PlyCount "37"]
[EventDate "2021.05.14"]
[EventType "swiss (rapid)"]
[EventRounds "9"]
[EventCountry "POL"]
[SourceTitle "CBM 202 Extra"]
[Source "ChessBase"]
[SourceDate "2021.07.31"]
[SourceVersion "1"]
[SourceVersionDate "2021.07.31"]
[SourceQuality "1"]

1. e4 c5 2. Nf3 e6 3. d4 cxd4 4. Nxd4 a6 5. Nc3 Qc7 6. Be2 Nf6 7. 0-0 b5 8. a3 Bb7 9. Qd3 d5 10. exd5 Nxd5 11. Nxd5 Bxd5 12. Bf3 Qb7 13. Re1 Be7 14. Nf5 Bxf3 15. Nxg7+ Kf8 16. Bh6 Kg8 17. gxf3 Bf8 18. Kh1 Bxg7 19. Qd8+ 1-0

[Event "Bialystok Zamenhof Memorial-C 35th"]
[Site "Bialystok"]
[Date "2017.12.30"]
[Round "7.17"]
[White "Lendzion, Kamil"]
[Black "Dubrawski, Janusz"]
[Result "0-1"]
[WhiteElo "1671"]
[BlackElo "1772"]
[PlyCount "82"]
[EventDate "2017.12.27"]
[EventType "swiss"]
[EventRounds "9"]
[EventCountry "POL"]
[SourceTitle "EXT 2023"]
[Source "ChessBase"]
[SourceDate "2022.10.05"]
[SourceVersion "1"]
[SourceVersionDate "2022.10.05"]
[SourceQuality "1"]

1. e4 Nf6 2. e5 Nd5 3. d4 d6 4. c4 Nb6 5. exd6 exd6 6. Nc3 Be7 7. Nf3 0-0 8. Be3 Bg4 9. h3 Bh5 10. b3 Nc6 11. Be2 Bg6 12. 0-0 Bf6 13. Rc1 Re8 14. a3 a5 15. Bd3 Ne7 16. g4 Bxd3 17. Qxd3 Ng6 18. Ne4 Nd7 19. c5 d5 20. Nc3 c6 21. Na4 Bh4 22. Rb1 Qf6 23. Qf5 Qe7 24. Rfe1 Qd8 25. Bg5 Bxg5 26. Nxg5 Nf6 27. Nb6 Rb8 28. Nf3 Ne4 29. Re3 Re6 30. Rbe1 Rf6 31. Qd7 Rf4 32. Nd2 Qh4 33. Nxe4 dxe4 34. Rg3 h6 35. Nc8 Qf6 36. Rf1 Rf3 37. Rxf3 exf3 38. Qc7 Ra8 39. Qxb7 Qh4 40. Kh2 Nf4 41. Ne7+ Kh7 0-1

[Event "POL-chT U20 2nd League"]
[Site "Szczyrk"]
[Date "2017.07.29"]
[Round "10.14"]
[White "Karykowska, Anna"]
[Black "Lendzion, Kamil"]
[Result "1-0"]
[WhiteElo "1838"]
[BlackElo "1626"]
[PlyCount "45"]
[EventDate "2017.07.22"]
[EventType "team-swiss"]
[EventRounds "11"]
[EventCountry "POL"]
[SourceTitle "EXT 2019"]
[Source "ChessBase"]
[SourceDate "2018.10.10"]
[SourceVersion "1"]
[SourceVersionDate "2018.10.10"]
[SourceQuality "1"]

1. e4 c5 2. Nf3 d6 3. d4 cxd4 4. Nxd4 Nf6 5. Nc3 g6 6. Be3 Bg7 7. f3 0-0 8. Qd2 Nc6 9. 0-0-0 Bd7 10. g4 Rc8 11. Kb1 Ne5 12. h4 h5 13. gxh5 Nxh5 14. Rg1 a6 15. f4 Ng4 16. Be2 Nxe3 17. Qxe3 Kh7 18. Bxh5 gxh5 19. f5 Bh6 20. Rg5 Bxg5 21. Qxg5 Rg8 22. Qxh5+ Kg7 23. Rg1+ 1-0